000
00304nam a2200133Ia 4500
008
260604s9999 xx 000 0 und d
020
_a
9780143448006
082
_a
741.59 DE
100
_a
Debkumar mitra
_9
35890
245
0
_a
Longform 2025
260
_b
Pengiun Books
500
_a
Longform
942
_c
BK
999
_c
8724
_d
8724